| 000 | 00920nam a2200301 i 4500 | ||
|---|---|---|---|
| 999 |
_c200443341 _d61553 |
||
| 001 | 200443341 | ||
| 003 | TR-AnTOB | ||
| 005 | 20220718163506.0 | ||
| 007 | ta | ||
| 008 | 940524s1976 tu 000 0 tur d | ||
| 035 | _a(TR-AnTOB)200443341 | ||
| 040 |
_aTR-AnTOB _beng _erda _cTR-AnTOB |
||
| 041 | 0 | _atur | |
| 050 | 4 |
_aTS1525 _b.M33 1976 |
|
| 090 |
_aTS1525 _b.M33 1976 |
||
| 100 | 1 |
_aMadazlıoğlu, Rıfat _eauthor _9132433 |
|
| 245 | 1 | 0 |
_aTekstil makinaları ve aksesuarları / _cYazan Rıfat Madazlıoğlu. |
| 264 | 1 |
_a[Ankara] : _bYenilik Basımevi, _c1976. |
|
| 300 |
_a417 pages ; _c28 cm |
||
| 336 |
_atext _btxt _2rdacontent |
||
| 337 |
_aunmediated _bn _2rdamedia |
||
| 338 |
_avolume _bnc _2rdacarrier |
||
| 650 | 7 |
_aTekstil makineleri _2etuturkob _9132434 |
|
| 650 | 7 |
_aTekstil makineleri endüstrisi _2etuturkob _9132435 |
|
| 942 |
_2lcc _cBK |
||